[Event "Malaga op 13th"]
[Site "Malaga"]
[Date "2010.02.24"]
[Round "6"]
[White "Rodriguez Perez, Angel Mariano"]
[Black "Munoz Moreno, Francisco Javier"]
[Result "0-1"]
[WhiteElo "2089"]
[BlackElo "2295"]
[PlyCount "138"]
[EventDate "2010.02.20"]
[EventType "swiss"]
[EventRounds "9"]
[EventCountry "ESP"]
[SourceTitle "CBM 135 Extra"]
[Source "ChessBase"]
[SourceDate "2010.05.04"]
[SourceVersion "1"]
[SourceVersionDate "2010.05.04"]
[SourceQuality "1"]

1. e4 c5 2. Nf3 d6 3. d4 Nf6 4. Nc3 cxd4 5. Nxd4 a6 6. Bd3 e5 7. Nb3 Be7 8. 0-0 0-0 9. Kh1 Nbd7 10. f4 b5 11. a3 Bb7 12. Be3 Rc8 13. Qe1 Re8 14. f5 d5 15. exd5 e4 16. Be2 Bxd5 17. Rd1 Bc4 18. Nd4 b4 19. Bxc4 Rxc4 20. axb4 Bxb4 21. Qe2 Qc8 22. Na2 Bf8 23. c3 Rc7 24. c4 Nc5 25. Bg5 Ncd7 26. Be3 h6 27. g4 Ne5 28. g5 hxg5 29. Bxg5 Nh7 30. Bf4 Bc5 31. Qxe4 Nxc4 32. Ne6 Rce7 33. Qxc4 fxe6 34. fxe6 Rxe6 35. b4 Bf8 36. Qxc8 Rxc8 37. Rc1 Rec6 38. Rxc6 Rxc6 39. Rc1 Rxc1+ 40. Bxc1 Kf7 41. Bd2 Ke6 42. Kg2 Kd5 43. Kf3 Nf6 44. Kf4 Kc4 45. Be1 Nd5+ 46. Kf5 Nxb4 47. Nc1 Bc5 48. Kg6 Bd4 49. h4 a5 50. Na2 Nc6 51. Bxa5 Nxa5 52. Nc1 Nc6 53. Ne2 Bf6 54. h5 Ne5+ 55. Kh7 Kd5 56. Nf4+ Kd6 57. Ng6 Ng4 58. Nf4 Ke5 59. Ng6+ Kf5 60. Nf8 Ne5 61. Kg8 Nd3 62. Kh7 Nf4 63. h6 g5 64. Kg8 g4 65. h7 Ng6 66. Nd7 Bd4 67. Nb8 g3 68. Nc6 Bc3 69. Kf7 g2 0-1

[Event "Malaga op 13th"]
[Site "Malaga"]
[Date "2010.02.22"]
[Round "4"]
[White "Matamoros Franco, Carlos S"]
[Black "Munoz Moreno, Francisco Javier"]
[Result "1/2-1/2"]
[WhiteElo "2545"]
[BlackElo "2295"]
[PlyCount "43"]
[EventDate "2010.02.20"]
[EventType "swiss"]
[EventRounds "9"]
[EventCountry "ESP"]
[SourceTitle "CBM 135 Extra"]
[Source "ChessBase"]
[SourceDate "2010.05.04"]
[SourceVersion "1"]
[SourceVersionDate "2010.05.04"]
[SourceQuality "1"]

1. c4 c6 2. e4 d5 3. exd5 cxd5 4. cxd5 Nf6 5. Nc3 Nxd5 6. Nf3 e6 7. Bc4 Nxc3 8. bxc3 Be7 9. 0-0 0-0 10. d4 Nd7 11. Re1 b6 12. Bd3 Bb7 13. Qe2 Re8 14. c4 Bf6 15. Bb2 Bxf3 16. Qxf3 Nc5 17. dxc5 Bxb2 18. Rab1 Bd4 19. c6 g6 20. Red1 Qd6 21. c5 bxc5 22. Rb7 1/2-1/2

[Event "Malaga op 13th"]
[Site "Malaga"]
[Date "2010.02.21"]
[Round "3"]
[White "Munoz Moreno, Francisco Javier"]
[Black "Marquez Bernal, Florencio"]
[Result "1-0"]
[WhiteElo "2295"]
[BlackElo "2003"]
[PlyCount "71"]
[EventDate "2010.02.20"]
[EventType "swiss"]
[EventRounds "9"]
[EventCountry "ESP"]
[SourceTitle "CBM 135 Extra"]
[Source "ChessBase"]
[SourceDate "2010.05.04"]
[SourceVersion "1"]
[SourceVersionDate "2010.05.04"]
[SourceQuality "1"]

1. d4 f5 2. g3 Nf6 3. Bg2 c6 4. c4 d6 5. Nc3 Qc7 6. d5 g6 7. Nh3 Bg7 8. Nf4 a5 9. h4 Ng4 10. h5 Qb6 11. 0-0 g5 12. Ne6 Bxe6 13. dxe6 h6 14. e4 Bd4 15. Qe2 0-0 16. exf5 Nxf2 17. Rxf2 Rxf5 18. Nd1 Rxf2 19. Nxf2 Na6 20. g4 Rf8 21. Bf3 Nb4 22. Bd2 Qc5 23. Rf1 d5 24. Bxb4 axb4 25. cxd5 cxd5 26. Kg2 Qd6 27. Nd3 Rf6 28. Re1 Ba7 29. Qe5 Qc6 30. Qxd5 Qc2+ 31. Re2 Qd1 32. Nf2 Qc1 33. Qd8+ Rf8 34. Qd2 Qc5 35. Qc2 Rxf3 36. Qxc5 1-0